000 00699nam a22002057a 4500
999 _c14235
_d14235
003 AR-CdUCM
008 190422b ||||| |||| 00| 0 spa d
020 _a978-970-718-600-2
040 _aMUNICIPALIDAD PROVINCIAL DEL CUSCO
_cBIBLIOTECA MUNICIPAL DEL CUSCO
041 _heng
082 _aPI / 376.1 /
_bP51
110 _aPhidal publishing
_932928
245 _aDora la exploradora :
_bmi primer libro de rompecabezas /
260 _aCanadá :
_bViacom international inc,
_c2013.
300 _a8 páginas ;
_bIlustraciones,
_c26 cm.
_e4 rompecabezas
650 _aCuentos infantiles
_93927
700 _aMoral, Susana Del (traducción)
_932914
942 _2ddc
_cLIBROS
945 _aacv
_d2019-04-22